| 000 | 00864nam a2200229 a 4500 | ||
|---|---|---|---|
| 001 | 68297 | ||
| 003 | BD-RjUL | ||
| 005 | 20211209081743.0 | ||
| 008 | 170401s1964 gw a b 000 0 eng d | ||
| 035 | _a(BD-RjUL)68507 | ||
| 040 |
_aDLC _cDLC _dDLC _dBD-RjUL _beng |
||
| 041 | _aeng | ||
| 082 | 0 | 0 |
_223 _a551.3 _bPEA 1964 |
| 100 | 1 |
_aPettijohn, F. J. _q(Francis John), _9202485 |
|
| 245 | 1 | 0 |
_aAtlas and Glossary of Primary Sedimentary Structures / _cby F. J. Pettijohn and Paul Edwin Potter. Translations into Spanish, French, and German by Juan Carlos Riggi, Marie-Hélène Sachet, and Hans-Ulrich Schmincke. |
| 260 |
_aBerlin : _bSpringer-Verlag, _c1964. |
||
| 300 |
_axv, 370 p. : _bill. ; _c28 cm. |
||
| 504 | _aBibliography: p. 365-370. | ||
| 650 | 0 |
_aSedimentary structures. _9118813 |
|
| 700 | 1 |
_aPotter, Paul Edwin, _ejoint author. _9202486 |
|
| 942 |
_2ddc _cBK |
||
| 999 |
_c68297 _d68297 |
||